01232 a2200193 45000010006000000050017000060080041000230030015000640400040000790800122001192450070002410200018003112500012003292640033003413000025003745050609003990410008010081000022010166048120260407155856.0260407a1995 arg spa dAR-UNSa-BCEJYS aAR-UNSa-BCEJYSbspacAR-UNSa-BCEJYS a101.1xNaturaleza de la filosofía. La filosofía como ciencia. La filosofía como arte (pensamiento filosófico)10aPrincipios de filosofíapUna introducción a su problemática a950-9115-01-0 a2a. ed. 1aBuenos Aires :bGlaucoc1995 axxii, 495 p.c22 cm. a1. Los problemas de la filosofía - 2. Cambio y permanencia – 3. La filosofía como crítica universal y saber sin supuestos – 4. El descubrimiento del concepto. Sócrates – 5. El mundo de las ideas. Platón – 6. El mundo de las substancias. Aristóteles – 7. La razón y la fe. Santo Tomás – 8. El racionalismo. Descartes – 9. El empirismo – 10. El idealismo trascendental. Kant – 11. El idealismo absoluto. Hegel – 12. El materialismo histórico. Marx – 13. La fenomenología. Husserl – 14. Ser y existencia. Heidegger – 15. Epílogo. El hombre y la filosofía -  aspa1 aCarpio, Adolfo P.